000 01102nam a2200277Ia 4500
999 _c36948
_d36948
001 2899
003 GE_BSU
005 20221102151218.0
008 181216s1997ru xx |||||||||||||| ||rus||
020 _a5279015938
040 _cGE_BSU
041 _arus
080 _a33(075.8)+519.767+681.518 М-80
100 _aМорозов, В.П.
_915740
245 _aГипертексты в экономике, информационная технология моделирования
_bУчебное пособие /
_cВ.П. Морозов, В.П Тихомиров, Е.Ю. Хрусталев, ред. Л.А.Табакова.
264 _aМосква,
_c1997.
300 _a256 с.:
_b20 см.
653 _aГипертексты в экономике
653 _aинформационная технология
653 _aЭкономика
653 _aეკონომიკა
700 _aТихомиров, В.П.
_915741
700 _aХрусталев, Е.Ю.
_915742
700 _aТабакова, Л.А.
_eრედაქტორი
_915743
942 _cBK
_2udc